| 000 | 00854nam a2200265 a 4500 | ||
|---|---|---|---|
| 001 | BRCA_5235 | ||
| 005 | 20190320205009.0 | ||
| 008 | 291110s1969----nyua######---#000-0#eng-# | ||
| 020 | _a0517245507 | ||
| 041 | _aeng | ||
| 044 | _anyu | ||
| 050 | 4 |
_aNK2809 _b.W44 1969 |
|
| 100 | 1 |
_aWeeks, Jeanne G. _913409 |
|
| 245 | 1 | 0 |
_aRugs and Carpets _bof Europe and the Western World _cJeanne G. Weeks and Donald Treganowan. |
| 260 |
_aNew York _bWeathervane Books _c1969 |
||
| 300 |
_a251 p. _bil. (algunas a color) _c27 cm. |
||
| 500 | _aIncluye índice alfabético | ||
| 500 | _aDonación Dr. Héctor Rivero Borrell Vázquez | ||
| 504 | _aBibliografía: p. 243-244 | ||
| 650 | 1 | 4 |
_aTapetes y alfombras _zEuropa _913410 |
| 650 | 1 | 4 |
_aTapetes y alfombras _zOccidente _913411 |
| 700 | 1 |
_aTreganowan, Donald _ecoaut. _913412 |
|
| 902 | _aDHR | ||
| 942 |
_2lcc _cB |
||
| 999 |
_c4929 _d4929 |
||